Ορέστης
Αποθηκεύτηκε σε:
| Κύριος συγγραφέας: | |
|---|---|
| Άλλοι συγγραφείς: | |
| Μορφή: | Βιβλίο |
| Γλώσσα: | Greek Ancient Greek |
| Δημοσίευση: |
Αθήνα :
Οι εκδόσεις των Φίλων,
1971.
|
| Σειρά: | Προσωπείο ;
1 |
| Θέματα: | |
| Ετικέτες: |
Προσθήκη ετικέτας
Δεν υπάρχουν, Καταχωρήστε ετικέτα πρώτοι!
|
MARC
| LEADER | 00000cam a2200000 i 4500 | ||
|---|---|---|---|
| 001 | 1/19703 | ||
| 008 | 120518s1971 gr | |||| |||| ||gre|| | ||
| 035 | |l 10112528 | ||
| 040 | |a GR-MyUa |b gre |e AACR2 | ||
| 041 | 1 | |a gre |h grc | |
| 082 | 1 | |a 882.13 |2 (22) | |
| 100 | 0 | |a Ευριπίδης, |d 480-406. | |
| 245 | 1 | 0 | |a Ορέστης / |c Ευριπίδου ; μετάφραση Άγγελου Τερζάκη. |
| 260 | |a Αθήνα : |b Οι εκδόσεις των Φίλων, |c 1971. | ||
| 300 | |a 102 σ. ; |c 17 εκ. | ||
| 490 | 1 | |a (Προσωπείο ; |v 1) | |
| 650 | 0 | |a Greek drama (Tragedy) | |
| 700 | 1 | |a Τερζάκης, Άγγελος, |d 1907-1979, |e trl | |
| 830 | 0 | |a Προσωπείο ; |v 1 | |
| 852 | |a INST |b SYROS |e 20120518 |h 882.13 ΕΥΡ |p 005500010091 |q 005500010091 |t BK |y 0 | ||
| 901 | |a BIBL5-2012-1 | ||
| 970 | |a Κοντού |b Παρασκευή |z 18/05/2012 | ||